La biblia de las recetas industriales : (Registro nro. 27997)
[ vista simple ]
| 000 -CABECERA | |
|---|---|
| campo de control de longitud fija | 00876nam a2200205 a 4500 |
| 001 - NÚMERO DE CONTROL | |
| campo de control | 000028505 |
| 005 - FECHA Y HORA DE LA ÚLTIMA TRANSACCIÓN | |
| campo de control | 20200930055000.0 |
| 008 - DATOS DE LONGITUD FIJA--INFORMACIÓN GENERAL | |
| campo de control de longitud fija | 110408s200u mx 000 0 spa d |
| 040 ## - FUENTE DE LA CATALOGACIÓN | |
| Centro catalogador/agencia de origen | DO-SdBNP |
| Lengua de catalogación | spa |
| Centro/agencia transcriptor | BNPHU |
| 100 1# - ENTRADA PRINCIPAL--NOMBRE DE PERSONA | |
| Nombre de persona | Durán Ramírez, Felipe. |
| 9 (RLIN) | 55474 |
| 245 14 - MENCIÓN DE TÍTULO | |
| Título | La biblia de las recetas industriales : |
| Resto del título | obra de fácil consulta para diferentes procesos industriales / |
| Mención de responsabilidad, etc. | Felipe Durán Ramírez ; revisión científica Fabián Zuñiga, Diana Margarita Vásquez Mosquera. |
| 246 14 - FORMA VARIANTE DE TÍTULO | |
| Título propio/Titulo breve | La biblia de las recetas industriales: |
| Resto del título | fórmulas y procedimientos al alcance de todos |
| 260 ## - PUBLICACIÓN, DISTRIBUCIÓN, ETC. | |
| Lugar de publicación, distribución, etc. | [México] : |
| Nombre del editor, distribuidor, etc. | Grupo Latino Editores, |
| Fecha de publicación, distribución, etc. | [200?]. |
| 300 ## - DESCRIPCIÓN FÍSICA | |
| Extensión | 1328 p. : |
| Otras características físicas | il. ; |
| Dimensiones | 29 cm. |
| 500 ## - NOTA GENERAL | |
| Nota general | Incluye índice |
| 500 ## - NOTA GENERAL | |
| Nota general | Texto a dos columnas |
| 504 ## - NOTA DE BIBLIOGRAFÍA, ETC. | |
| Nota de bibliografía, etc. | Incluye bibliografía. |
| 700 1# - PUNTO DE ACCESO ADICIONAL--NOMBRE DE PERSONA | |
| Nombre de persona | Zuñiga, Fabián |
| 9 (RLIN) | 55475 |
| 700 1# - PUNTO DE ACCESO ADICIONAL--NOMBRE DE PERSONA | |
| Nombre de persona | Vásquez Mosquera, Diana Margarita |
| 9 (RLIN) | 55476 |
| Estado de retiro | Estado de pérdida | Restricciones de uso | No para préstamo | Código de colección | Localización permanente | Ubicación/localización actual | Ubicación en estantería | Fecha de adquisición | Número de inventario | Total de préstamos | Signatura topográfica completa | Código de barras | Fecha visto por última vez | Precio válido a partir de | Tipo de ítem Koha | Número de copia |
|---|---|---|---|---|---|---|---|---|---|---|---|---|---|---|---|---|
| Monografías: Libros y Folletos | General | General | Orden iniciada | 08.04.2011 | LF1 | 28505-10 | 25.06.2020 | 25.06.2020 | No se presta | |||||||
| Préstamo restrigido | Monografías: Libros y Folletos | General | General | Orden iniciada | 08.04.2011 | LF1 | 28505-20 | 25.06.2020 | 25.06.2020 | No se presta | e. 2 |
